000 00462nam a2200157 i 4500
001 147899
003 ES-MaACL
005 20230906202318.0
007 t|
008 071008s1961 sp ||||1| baq d
100 1 _aUrruzuno, Pedro Miguel.
_9112256
245 1 0 _aEuskalerritik Zerura ta beste ipui batzuk /
_cPedro Miguel Urruzuno.
260 _aZarauz :
_b[s.n.],
_c1961 (
_fIcharopena)
300 _a147 p. ;
_c18 cm.
852 _aES-MaACL
_jC-20215
_bR.48551
999 _c147899
_d147899